| 000 | 00657cam a2200205 4500 | ||
|---|---|---|---|
| 008 | 000000n2000 000 0 eng u | ||
| 035 | _a(Sirsi) u104273 | ||
| 100 | _aChevin, D. | ||
| 245 | _ae-construction starts here | ||
| 260 | _c2000 | ||
| 490 |
_aBuilding _v(7) 18 February 2000 22-24(3) |
||
| 520 | _aDiscusses the ways in which electronic means of communication may change the way construction firms do business. Includes examples. | ||
| 590 | _aABS | ||
| 650 | _aE-COMMERCE | ||
| 650 | _aELECTRONIC TRADING | ||
| 650 | _aPARTNERING | ||
| 690 | _aMANAGEMENT-BUSINESS MANAGEMENT-INFORMATION MANAGEMENT | ||
| 700 | _aCook, A. | ||
| 942 | _n0 | ||
| 999 |
_c62559 _d62559 |
||